Zahraničná migrácia v Slovenskej republike - stav, trendy, spoločenské súvislosti

Salvato in:
Dettagli Bibliografici
Autore principale: Divinský, Boris
Natura: Libro
Lingua:slovacco
Pubblicazione: Bratislava Friedrich Ebert Stiftung 2005
Soggetti:
Tags: Aggiungi Tag
Nessun Tag, puoi essere il primo ad aggiungerne!!

MARC

LEADER 00000nam a2200000 4500
001 0209018
005 20240314091426.1
020 |a 80-89149-04-9 
041 0 |a slo 
044 |a SK 
245 1 0 |a Zahraničná migrácia v Slovenskej republike - stav, trendy, spoločenské súvislosti  |c Boris Divinský 
264 1 |a Bratislava  |b Friedrich Ebert Stiftung  |c 2005 
300 |a 215 s. 
610 2 0 |a migrácia 
610 2 0 |a Slovensko 
610 2 0 |a cudzinci 
610 2 0 |a politika azylová 
610 2 0 |a politika 
610 2 0 |a politika vnútorná 
610 2 0 |a politika zahraničná 
100 1 |a Divinský, Boris